000 00706nam a2200205Ii 4500
003 JO-AjNU
008 230605s9999||||xx |||||||||||||| ||und||
040 _aJO-AjNU
_bara
_erda
_cJO-AjNU
041 _aara
050 1 4 _aQA95 1989
100 3 _aالافندي ، محمد حامد/ م مشارك حسن علي عبدالعزيز,
_eauthor
_921154
245 0 0 _aالعاب والغاز رياضية متنوعة
250 _aط4
264 3 1 _aالقاهرة:دار المعارف ، 1989
300 _a208ص
336 _atext
_btxt
_2rdacontent
337 _aunmediated
_bn
_2rdamedia
338 _avolume
_bnc
_2rdacarrier
650 4 _aالغاز رياضية -الرياضة الذهنية
_921155
999 _aA7301
_c10869
_d10869